Nueva geografía universal : (Record no. 12199)

000 -CABECERA
fixed length control field 00801nam a22002057a 4500
003 - IDENTIFICADOR DEL NÚMERO DE CONTROL
control field AR-CdUCM
008 - DATOS DE LONGITUD FIJA--INFORMACIÓN GENERAL
fixed length control field 190408b ||||| |||| 00| 0 spa d
040 ## - FUENTE DE LA CATALOGACIÓN
Agencia/entidad que catalogó originalmente la obra MUNICIPALIDAD PROVINCIAL DEL CUSCO
Entidad que transcribió la catalogación BIBLIOTECA MUNICIPAL DEL CUSCO
082 ## - NÚMERO DE LA CLASIFICACIÓN DECIMAL DEWEY
No. de Clasificación 910 /
Notacion interna R299 / 1890
100 ## - ENTRADA PRINCIPAL--NOMBRE DE PERSONA
Nombre Personal Reclus, Eliseo
245 ## - MENCIÓN DE TÍTULO
Título Nueva geografía universal :
Resto del título La tierra y los hombres /
260 ## - PUBLICACIÓN, DISTRIBUCIÓN, ETC.
Lugar de publicación, distribución, etc. Madrid :
Nombre de la editorial, distribuidor, etc. El progreso editorial,
Fecha de publicación, distribución, etc. 1890
300 ## - DESCRIPCIÓN FÍSICA
Nº de Páginas Extensión Tomos ;
Otros detalles físicos Mapas, ilustraciones,
Dimensiones 28 cm.
505 ## - NOTA DE CONTENIDO CON FORMATO
Nota de contenido formateada Contenido: t.1: Europa mediterránea oriental ó del sudeste. 2da. ser: t.1: África del nordeste. 2da. ser: t.2: África Noroeste.
700 ## - PUNTO DE ACCESO ADICIONAL--NOMBRE DE PERSONA
Nombre Personal Coello, Francisco (traductor)
9 (RLIN) 29929
700 ## - PUNTO DE ACCESO ADICIONAL--NOMBRE DE PERSONA
Nombre Personal Ferreiro, Martin (traductor)
9 (RLIN) 29930
942 ## - ELEMENTOS DE PUNTO DE ACCESO ADICIONAL (KOHA)
Fuente de clasificación
Tipo de item Libros-BMC
945 ## - PROCESAMIENTO DE INFORMACIÓN LOCAL (OCLC)
Catalogador cmm
AAAA-MM-DD - Fecha de ingreso o modificacion 2019-04-08

No items available.

Powered by Koha